000
00286nam a2200109Ia 4500
008
190216s9999||||xx |||||||||||||| ||und||
100
_a
Gupta R L & Guptaq V K
245
0
_a
Principles And Practice Of Accountancy
260
_b
Sulthan Chand&Sons
_c
1993
300
_a
738p
942
_c
BK
999
_c
4891
_d
4891